Du lịch ba miền : Về miền Trung
Sách cung cấp những hướng dẫn thực tế và cụ thể về xe, tầu, khách sạn các điểm du lịch lý thú của miền Trung. Những thông tin tổng quát về vị trí địa lý, cảnh đẹp, văn hoá truyền thống... của từng địa phương: Huế, Đà Nẵng, Đà lạt, Nha...
Na minha lista:
| Autor principal: | |
|---|---|
| Formato: | Livro |
| Idioma: | Undetermined |
| Publicado em: |
Thành phố Hồ Chí Minh
Trẻ
2004
|
| Assuntos: | |
| Tags: |
Adicionar Tag
Sem tags, seja o primeiro a adicionar uma tag!
|
| Thư viện lưu trữ: | Trung tâm Học liệu Trường Đại học Cần Thơ |
|---|
| LEADER | 00973nam a2200229Ia 4500 | ||
|---|---|---|---|
| 001 | CTU_64524 | ||
| 008 | 210402s9999 xx 000 0 und d | ||
| 020 | |b 34000 | ||
| 082 | |a 915.97 | ||
| 082 | |b B566 | ||
| 100 | |a Bửu Ngôn | ||
| 245 | 0 | |a Du lịch ba miền : | |
| 245 | 0 | |b Về miền Trung | |
| 245 | 0 | |c Bửu Ngôn | |
| 260 | |a Thành phố Hồ Chí Minh | ||
| 260 | |b Trẻ | ||
| 260 | |c 2004 | ||
| 520 | |a Sách cung cấp những hướng dẫn thực tế và cụ thể về xe, tầu, khách sạn các điểm du lịch lý thú của miền Trung. Những thông tin tổng quát về vị trí địa lý, cảnh đẹp, văn hoá truyền thống... của từng địa phương: Huế, Đà Nẵng, Đà lạt, Nha trang, Phan Rang | ||
| 650 | |a Vietnam | ||
| 650 | |x Description and travel | ||
| 904 | |i Minh | ||
| 980 | |a Trung tâm Học liệu Trường Đại học Cần Thơ | ||